Statistics for New York City By Picture

Click here to take the quiz!

General Stats

  • This quiz has been taken 239 times
  • The average score is 10 of 11

Answer Stats

Answer% Correct
Central Park
99%
Empire State Building
99%
Brooklyn Bridge
98%
Statue of Liberty
98%
Times Square
97%
One World Trade Center
93%
9/11
89%
Grand Central Station
84%
Madison Square Garden
81%
Columbia University
67%
Metropolitan Museum of Art
47%

Score Distribution

Percentile by Number Answered

Percent of People with Each Score

Your Score History

You have not taken this quiz